[Event "Batumi Municipality Cup"]
[Site "Batumi"]
[Date "2019.07.02"]
[Round "1"]
[White "Kutsanyan, Andranik"]
[Black "Kekelidze, Mikheil"]
[Result "1-0"]
[WhiteElo "2223"]
[BlackElo "2378"]
[PlyCount "105"]
[EventDate "2019.07.02"]
[EventType "swiss"]
[EventRounds "9"]
[EventCountry "GEO"]
[SourceTitle "CBM 191 Extra"]
[Source "ChessBase"]
[SourceDate "2019.09.30"]
[SourceVersion "1"]
[SourceVersionDate "2019.09.30"]
[SourceQuality "1"]

1. e4 c5 2. b3 g6 3. Bb2 Nf6 4. e5 Nd5 5. d4 Qa5+ 6. c3 cxd4 7. Qxd4 Nc6 8. Qd2 Nc7 9. f4 Bh6 10. Nf3 0-0 11. b4 Qb6 12. Na3 Ne6 13. g3 f6 14. Qd5 Bg7 15. Nc4 Qc7 16. b5 fxe5 17. fxe5 Na5 18. Nxa5 Qxa5 19. Be2 Qb6 20. c4 d6 21. Rc1 Rd8 22. c5 dxc5 23. Qc4 a6 24. Qb3 axb5 25. Bxb5 Qa5+ 26. Rc3 Qxa2 27. Qc2 Bd7 28. Bc4 Qa4 29. Ng5 Qc6 30. 0-0 Bh6 31. Nf7 Bg7 32. Nxd8 Rxd8 33. Rd3 b5 34. Bxe6+ Qxe6 35. Qxc5 Rc8 36. Qd5 Qxd5 37. Rxd5 Be6 38. Rdd1 h5 39. Rc1 Bc4 40. Rfd1 Bh6 41. Ra1 Be3+ 42. Kg2 Be2 43. Rdc1 Bxc1 44. Rxc1 Bc4 45. Kf3 Kf7 46. Kf4 Rd8 47. Rc2 Rd3 48. Rf2 Be6 49. Ke4+ Bf5+ 50. Rxf5+ gxf5+ 51. Kxd3 Ke6 52. Ke3 Kd5 53. Kf4 1-0

[Event "UKR-ch sf"]
[Site "Omelnyk"]
[Date "2018.10.30"]
[Round "5"]
[White "Kutsanyan, Andranik"]
[Black "Bakhmatsky, Vladislav"]
[Result "1/2-1/2"]
[WhiteElo "2252"]
[BlackElo "2409"]
[PlyCount "60"]
[EventDate "2018.10.26"]
[EventType "swiss"]
[EventRounds "9"]
[EventCountry "UKR"]
[SourceTitle "CBM 187 Extra"]
[Source "ChessBase"]
[SourceDate "2018.11.04"]
[SourceVersion "1"]
[SourceVersionDate "2018.11.04"]
[SourceQuality "1"]

1. e4 c5 2. b3 g6 3. Bb2 Nf6 4. e5 Nd5 5. Nc3 Nxc3 6. Bxc3 Bg7 7. Bc4 Nc6 8. e6 f6 9. exd7+ Bxd7 10. Qf3 e5 11. 0-0-0 Qe7 12. Ne2 0-0-0 13. Rhe1 Rhe8 14. Kb1 Qf8 15. Qg3 g5 16. f3 h6 17. h4 Nd4 18. hxg5 hxg5 19. Nxd4 cxd4 20. Bb2 Qd6 21. Bd3 Kb8 22. c3 dxc3 23. dxc3 Qc7 24. c4 Bc8 25. Bg6 Re6 26. Qf2 Bf8 27. Qc2 Red6 28. Be4 Be6 29. g4 Qa5 30. Bc3 Qc7 1/2-1/2

[Event "UKR-ch U20"]
[Site "Mykolaiv"]
[Date "2018.02.24"]
[Round "4"]
[White "Bakhmatsky, Vladislav"]
[Black "Kutsanyan, Andranik"]
[Result "0-1"]
[WhiteElo "2402"]
[BlackElo "2202"]
[PlyCount "140"]
[EventDate "2018.02.21"]
[EventType "swiss"]
[EventRounds "9"]
[EventCountry "UKR"]
[SourceTitle "CBM 183 Extra"]
[Source "ChessBase"]
[SourceDate "2018.04.19"]
[SourceVersion "1"]
[SourceVersionDate "2018.04.19"]
[SourceQuality "1"]

1. e4 e5 2. Nf3 Nc6 3. Bb5 a6 4. Ba4 Nf6 5. 0-0 Be7 6. Re1 b5 7. Bb3 d6 8. c3 0-0 9. h3 Na5 10. Bc2 c5 11. d4 Nd7 12. Nbd2 exd4 13. cxd4 Nc6 14. Nf1 cxd4 15. Nxd4 Nxd4 16. Qxd4 Ne5 17. Ne3 Bxh3 18. f4 Nc6 19. Qc3 Bd7 20. Nd5 Rc8 21. Qd3 g6 22. Bd2 Be6 23. Bb3 Bxd5 24. Bxd5 Bf6 25. Rac1 Ne7 26. Rxc8 Qxc8 27. Bb3 Qb8 28. Bb4 Rd8 29. Kh1 Qb6 30. Rd1 a5 31. e5 Bxe5 32. fxe5 axb4 33. exd6 Nf5 34. d7 Qf2 35. Qf3 Qh4+ 36. Kg1 Qe7 37. Qd3 Qc5+ 38. Kh1 Qf2 39. Qf3 Qh4+ 40. Kg1 Qe7 41. Qd3 Qc5+ 42. Kh1 Kg7 43. g4 Ne3 44. Qd4+ Qxd4 45. Rxd4 Nc4 46. Kg2 Nxb2 47. Rxb4 Rxd7 48. Rxb5 Nd3 49. a4 Rd4 50. g5 Nc1 51. Bd5 Rxa4 52. Kg3 Ne2+ 53. Kf2 Nc3 54. Bb3 Nxb5 55. Bxa4 Nd4 56. Kg3 h6 57. gxh6+ Kxh6 58. Kg4 Ne6 59. Bc2 Kg7 60. Bd3 Kf6 61. Bb1 Ke5 62. Bc2 f5+ 63. Kg3 g5 64. Bd1 Nc5 65. Bh5 Ne4+ 66. Kf3 Nf6 67. Bg6 f4 68. Bc2 g4+ 69. Kg2 Kd4 70. Kf2 Ne4+ 0-1